Corpus : A Home Movie for Selena /
Portillo Ruiz recurre en Corpus: A Home Movie for Selena (1999) –documental emitido en el espacio televisual Point of View- a testimonios de familiares, conversaciones con mujeres intelectuales de la comunidad chicana (Sandra Cisneros, Rosa Linda Fregoso y Cherrie Moraga) y opiniones de fans para tr...
Salvato in:
| Autore principale: | |
|---|---|
| Altri autori: | , |
| Natura: | |
| Lingua: | inglese |
| Pubblicazione: |
San Francisco, EUA :
Xochitl Film Productions,
1998, c1998
|
| Soggetti: | |
| Tags: |
Nessun Tag, puoi essere il primo ad aggiungerne!!
|
MARC
| LEADER | 00000ngm^a2200000^a^4500 | ||
|---|---|---|---|
| 001 | 000166575 | ||
| 005 | 20250521000000.0 | ||
| 009 | 20260310101056.445 | ||
| 037 | |a Acervo ITESO - Biblioteca | ||
| 041 | |a ING | ||
| 082 | |a 786. 1623 |b POR | ||
| 100 | |a Portillo, Lourdes |e (realización) | ||
| 245 | 1 | 0 | |a Corpus : |b A Home Movie for Selena / |c Realización de L. Portillo. |
| 264 | 4 | |a San Francisco, EUA : |b Xochitl Film Productions, |c 1998, c1998 | |
| 300 | |a 1 videocasete VHS |c (48 min.) | ||
| 336 | |a imagen móvil bidimensional |b tdi |2 rdacontenido | ||
| 337 | |a video |b v |2 rdamedio | ||
| 338 | |a videocasete |b vf |2 rdasoporte | ||
| 520 | |a Portillo Ruiz recurre en Corpus: A Home Movie for Selena (1999) –documental emitido en el espacio televisual Point of View- a testimonios de familiares, conversaciones con mujeres intelectuales de la comunidad chicana (Sandra Cisneros, Rosa Linda Fregoso y Cherrie Moraga) y opiniones de fans para trazar un retrato multidimensional de la cantante Selena Quintanilla Pérez (Lake Jackson, Houston, 1971 – Corpus Christi, 1995). Descendiente de mexicanos, Selena comenzó, con el apoyo de sus padres, su carrera musical a inicios de la década de 1980. Su trayectoria ascedente le llevó a convertirse en la voz femenina con mayor popularidad de la música norteña, de banda y grupera y a ser identificada continuamente como la representante más emblemática de la música tex-mex. En su momento de mayor éxito, la cantante fue asesinada por Yolanda Saldívar, amiga suya y presidente de su club de seguidores. La documentalista indaga en la vida cotidiana y familiar de Selena; sobre su vida afectiva y su carrera pública; acerca de las razones de la admiración de sus fans y de lo que significa la cantante para la población mexicoamericana y en torno a la identidad cultural y la identidad de género de Selena. | ||
| 545 | 0 | |a Lourdes Portillo Ruiz (Chihuahua, 1944), una de las autoras más representativas del cine chicano, cuya filmografía se caracteriza al unísono por la innovación formal y el compromiso político. Miembro de la agrupación marxista CineManifest, estudió en el San Francisco Arts Institute. Después del terremoto (1979, codirección con Nina Serrano), cuya protagonista es una inmigrante afectada por el sismo de Managua de 1972; Las madres (1983-85, codirección con Susana Blaustein Muñoz; finalista al Premio Oscar de la Academia Norteamericana de Cine al Mejor Largometraje Documental, 1985), película pionera sobre la agrupación de las Madres de Plaza de Mayo, quienes enfrentaron a la dictadura militar argentina; Columbus on Trial (1992) y Mirrors of the Heart (1993), episodio de la serie Americas, han reflejado el interés de la cineasta en el universo latinoamericano. La ofrenda (1986-89, codirección con Blaustein Muñoz) supuso un reencuentro de Portillo con su país de origen, que se concretó de modo más frontal en El diablo nunca duerme (1994), una de sus propuestas más heterodoxas y logradas, y en la trágica Señorita extraviada (2001; Premio Ariel de la Academia Mexicana de Cine al Mejor Largometraje Documental, 2003), documental precursor de la filmografía sobre las Muertas de Juárez. Otros de sus títulos son: Corpus: A Home Movie for Selena (1999), referente a la popular cantante Selena Quintanilla-Pérez; My McQueen (2004), cortometraje experimental en torno al cineasta y artista plástico Steve McQueen, y Night Passages (2013), surgido a partir de que Portillo fuera diagnosticada con cáncer cervical. Con una filmografía que ha desafiado progresiva y gradualmente las convenciones del género documental, la chicana es una de las voces más originales del fructífero ámbito de la no-ficción audiovisual de fines del siglo XX e inicios del siglo XXI. | |
| 649 | |a XX | ||
| 650 | |a Cineastas Mexicanos | ||
| 650 | |a Cantantes Chicanos - |x Biografías | ||
| 650 | |a Cantantes Norteamericanos - |x Biografías | ||
| 650 | |a Mujeres Chicanas - |x Biografías | ||
| 650 | |a Mujeres Norteamericanas - |x Biografías | ||
| 650 | |a Chicanos - |x Condiciones Sociales y Culturales | ||
| 650 | |a Documentales | ||
| 650 | |a Películas Musicales | ||
| 650 | |a Cortometrajes y Mediometrajes Chicanos | ||
| 650 | |a Cortometrajes y Mediometrajes Norteamericanos | ||
| 650 | |a Cine de Mujeres - |z EUA | ||
| 650 | |a Cine Independiente - |z EUA | ||
| 650 | |a Cine en Video - |z EUA | ||
| 650 | |a Cine Chicano - |y 1990-1999 | ||
| 650 | |a Cine Chicano - |y Siglo XX | ||
| 650 | |a Cine Norteamericano - |y 1990-1999 | ||
| 650 | |a Cine Norteamericano - |y Siglo XX | ||
| 650 | |a Identidad de Género - |z EUA | ||
| 650 | |a Identidad Cultural - |z EUA | ||
| 650 | |a Banda Norteña - |z Texas, EUA - |x Historia y Crítica | ||
| 650 | |a Banda Norteña - |z EUA - |x Historia y Crítica | ||
| 650 | |a Banda Norteña - |x Historia y Crítica | ||
| 650 | |a Música Folklórica - |z EUA - |x Historia y Crítica | ||
| 650 | |a Música Folklórica - |x Historia y Crítica | ||
| 650 | |a Música Popular - |z EUA - |x Historia y Crítica | ||
| 650 | |a Música Popular - |x Historia y Crítica | ||
| 650 | |a Música y Sociedad - |z EUA - |x Historia y Crítica | ||
| 650 | |a Música y Sociedad - |x Historia y Crítica | ||
| 650 | |a Música Chicana - |x Historia y Crítica | ||
| 650 | |a Música Chicana - |y Siglo XX | ||
| 650 | |a Música Norteamericana - |x Historia y Crítica | ||
| 650 | |a Música Norteamericana - |y Siglo XX | ||
| 650 | |a Música Mexicana - |x Historia y Crítica | ||
| 650 | |a Música Mexicana - |y Siglo XX | ||
| 650 | |a Texas, EUA en el Cine | ||
| 650 | |a Texas, EUA - |x Condiciones Sociales y Culturales | ||
| 650 | |a Antropología Cultural | ||
| 650 | |a Sociología de la Cultura | ||
| 650 | |a Selena - |x Tema Principal | ||
| 700 | |a Omori, Emiko |e (fotógrafo) | ||
| 700 | |a Gilliam, Vivien Hillgrove |e (montaje) | ||
| 910 | |a Fondo General | ||
| 920 | |a Audiovisuales - Videocasetes | ||
| 940 | |a Películas | ||
| 905 | |a 301 | ||
| 901 | |a 0900024661 |b IT2 |c VIS |u 20250521 | ||
| 902 | |a https://opac.biblio.iteso.mx/vufind/Record/000166575 | ||